Fase intermedia y control de los actos acusatorios en el proceso penal. Entre verdades y mitos

Saved in:
Bibliografiske detaljer
Hovedforfatter: Quintero Jiménez, Camilo Alberto (autor)
Andre forfattere: Ragués, Ramon (prólogo)
Format: Ukendt
Udgivet: Madrid, España: Marcial Pons, 2022.
Serier:Colección Proceso y Derecho.
Fag:
Tags: Tilføj Tag
Ingen Tags, Vær først til at tagge denne postø!

MARC

LEADER 00000 a2200000 4500
003 CL-VaPUC
005 20220629121505.0
008 220609T2021 ||||| |||| 00| 0 eng d
999 |c 435916  |d 435914 
020 |a 978-84-1381-320-2 
040 |c Pontificia Universidad Católica de Valparaíso 
082 7 |a 345 QUI 2021  |2 22 
100 |a Quintero Jiménez, Camilo Alberto  |9 870440  |e autor 
245 |a Fase intermedia y control de los actos acusatorios en el proceso penal.   |b Entre verdades y mitos 
260 |a Madrid, España:  |b Marcial Pons,  |c 2022. 
300 |a 312 páginas. 
490 |a Colección Proceso y Derecho. 
583 |k Cristina María Rojas Aguilar  |c 20220609 
650 |a Acusaciones  |9 871479 
650 |a  Procedimiento penal  |9 254974 
650 |a  Derecho comparado  |9 255664 
700 |a Ragués, Ramon  |e prólogo  |9 870812 
942 |2 ddc  |c BK 
952 |0 0  |1 0  |2 ddc  |4 0  |6 345_000000000000000_QUI_2021  |7 0  |8 A  |9 583733  |a BIBDER  |b BIBDER  |c GEN  |d 2022-06-15  |e 22  |g 40000.00  |i 5651861  |l 2  |o 345 QUI 2021  |p 5651861  |r 2023-01-25  |s 2022-07-12  |t 1  |v 40000.00  |w 2022-06-15  |y BK  |k DER